Library Banner

Guide to affirmative action : A primer for supervisors and m (Record no. 14159)

MARC details
000 -LEADER
fixed length control field 00489nam a2200181Ia 4500
001 - CONTROL NUMBER
control field 13490
008 - FIXED-LENGTH DATA ELEMENTS--GENERAL INFORMATION
fixed length control field 140402s9999 xx 000 0 und d
020 ## - INTERNATIONAL STANDARD BOOK NUMBER
International Standard Book Number 0-931961-54-8
040 ## - CATALOGING SOURCE
Transcribing agency PK-LaUMT
082 ## - DEWEY DECIMAL CLASSIFICATION NUMBER
Classification number 658.409
Item number CON-G
100 ## - MAIN ENTRY--PERSONAL NAME
Personal name Conrad, Pamela J.
245 ## - TITLE STATEMENT
Title Guide to affirmative action : A primer for supervisors and m
Statement of responsibility, etc Conrad, Pamela J.<>Maddux, Robert B., J.A.
260 ## - PUBLICATION, DISTRIBUTION, ETC. (IMPRINT)
Date of publication, distribution, etc 1988
300 ## - PHYSICAL DESCRIPTION
Extent 66 p.
546 ## - LANGUAGE NOTE
Language note EN
700 ## - ADDED ENTRY--PERSONAL NAME
Personal name Maddux, Robert B., J.A.
942 ## - ADDED ENTRY ELEMENTS (KOHA)
Koha item type Books
Holdings
Withdrawn status Lost status Damaged status Not for loan Home library Current library Date acquired Total Checkouts Full call number Barcode Date last seen Price effective from Koha item type
        UMT Main Campus UMT Main Campus 2014-04-02   658.409 CON-G 15241 2014-04-21 2014-04-21 Books